LEADER 01182nam a2200289 u 4500 001 000000036803 003 CaOOAMICUS 005 20070226112736.0 008 980330s1991 it u000 u ita u 020 $a8810509056 035 $a10788119 040 $aPUL(R)$bita 100 1 $aSquarise, Cristoforo,$cO.F.M.Conv.$0(OLS)http://pul/name/12627 245 13$aLa povertą religiosa :$bun approccio interdisciplinare /$ca cura di Cristoforo Squarise. 260 $aBologna :$bEDB,$c1991. 300 $a249 p. ;$c19 cm 490 1 $aItinerari ;$v6 504 $aBibliografia in nota a pie' pagina. 650 4$aPovertą monastica.$0(OLS)http://pul/subject/17861 830 0$aItinerari (Edizioni Dehoniane) ;$v6.$0(OLS)http://pul/title/50224 850 $aPUL 852 $aPUL$W1$xSL Diritto Canonico 1$y5$m151 E 84$j50405$nBK-PRI$b $qStampati$B50405$CPULBib$Z2$F50405 $H $81 941 1 $a8 961 $aINV: 68016 996 $6020$a8810509056$9(OLS)http://pul/number/46104 996 $6245$aLa povertą religiosa :$bun approccio interdisciplinare$9(OLS)http://pul/title/50223 996 $6260$aBologna :$bEDB$9(OLS)http://pul/publisher/56073 LEADER 01282nam a2200301 a 4500 001 000000168225 003 CaOOAMICUS 005 20180613162926.0 008 180613s1970 it 000 u ita r 032 $aLibriCat 040 $aPul$bita 041 1 $aita$heng 100 1 $aRacker, Heinrich.$0(OLS)http://pul/name/108328 240 10$aTransference and countertransference.$lItaliano.$0(OLS)http://pul/title/208479 245 10$aStudi sulla tecnica psicoanalitica : $btransfert e controtransfert / $cHeinrich Racker ; introduzione di Francesco Corrao . 260 $aRoma :$bArmando,$c©1970. 300 $a274 p. ; $c22 cm. 490 1 $aSerie di psicoanalisi ;$v01 650 4$aPsicanalisi.$0(OLS)http://pul/subject/1791 700 1 $aCorrao, Francesco.$0(OLS)http://pul/name/34486 830 0$aSerie di psicoanalisi ;$v01.$0(OLS)http://pul/title/208481 850 $aPUL 852 $aPUL$W1$xDP1 Fondo Dalla Palma$y117$m7 B 27$j42732$qFondi$B196109$CPULBib$Z2$F196109 $HDal2977 $81 941 1 $a1 960 $aPsicoanalisi$91791 996 $6245$aStudi sulla tecnica psicoanalitica : $btransfert e controtransfert / $9(OLS)http://pul/title/208480 996 $6260$aRoma :$bArmando$9(OLS)http://pul/publisher/55055